| 000 | 00792nmm a2200253 a 4500 | ||
|---|---|---|---|
| 001 | ocm000667901 | ||
| 003 | TR-IsHL | ||
| 005 | 20201028131659.0 | ||
| 008 | 131028s2008 tu tur | ||
| 007 | cr cn | ||
| 035 |
_a667901 _b(N$T) |
||
| 050 | 0 | 4 |
_aG1021 _b.B89 2008 |
| 090 | 0 | 4 |
_aG1021 _b.B89 2008 |
| 245 | 1 | 0 |
_aBüyük dünya atlası _h[electronic resource] |
| 250 | _a1. bs. | ||
| 260 |
_aİstanbul : _bBirleşik Yayın Grubu, _c2008 |
||
| 300 | _a112 p. | ||
| 650 | 4 | _aGenel Çalışmalar | |
| 650 | 4 | _aGeneral Works | |
| 650 | 0 | _aAtlaslar | |
| 650 | 0 | _aAtlases | |
| 650 | 7 |
_aREFERENCE / Atlases, Gazetteers & Maps (see also TRAVEL / Maps & Road Atlases) _2bisacsh |
|
| 856 | 4 | 0 | _uhttp://search.ebscohost.com/login.aspx?direct=true&scope=site&db=e011xww&AN=667901 |
| 999 |
_c4694 _d4694 |
||